000 00485nam a2200133Ia 4500
008 170221s9999 xx 000 0 und d
100 _aYosra Jarrar
245 _aAssessing the Ethicality of Promoting the Current Egyptian Regime by Some Egyptian Channels: The Complete Cure Device as a Case Study
245 _cYosra Jarrar
260 _bOnline Journal of Communication and Media Technologies
650 _xCommunication
650 _xMedia Arts
856 _uhttp://www.ojcmt.net/
999 _c312677
_d312677